| 000 | 01126nam a2200229Ia 4500 | ||
|---|---|---|---|
| 001 | 10492 | ||
| 003 | GE_BSU | ||
| 008 | 181216s||||||||xx |||||||||||||| ||und|| | ||
| 040 | _cGE_BSU | ||
| 080 | _a821.353.1-11 | ||
| 100 | _aგურამიშვილი,დავით | ||
| 245 | _aქართული პოეზია. 15 ტომად:ტ.4.დავით გურამიშვილი:დავითიანი | ||
| 245 | _cსარედ. კოლ.: გრ. აბაშიძე, ან.კალანდაძე, მ.ლებანიძე და სხვ.წინასიტყვ.ელ.მაღრაძისა;ლექსიკონის შემდგ.ივ.გიგინეიშვილი.მხატვ.დ.დუნდუა.რედ.ა.ბრეგაძე | ||
| 260 | _aთბილისი | ||
| 260 | _bნაკადული | ||
| 260 | _c1975 | ||
| 300 | _a411გვ.18სმ. | ||
| 300 | _cლექსიკონი გვ.412-500 | ||
| 653 | _aდავითიანი | ||
| 653 | _aქართული პოეზია | ||
| 942 | _cBK | ||
| 999 |
_c43747 _d43747 |
||